000 00704cam a22002291 4500
001 sa 67006820
003 DLC
005 20260227112410.0
008 731003s1967 xx 000 0 eng
010 _asa 67006820
035 _a(OCoLC)708747
040 _aDLC
_cODaU
_dDLC
042 _apremarc
050 0 0 _aB1637
_b.M8 1967
100 1 _aMukhopadhyay, Amal Kumar.
245 1 4 _aThe ethics of obedience;
_ba study of the philosophy of T.H. Green.
260 _aCalcutta,
_bWorld Press,
_c1967.
300 _aix, 204 p.
_c23 cm.
502 _aA revision of the author's PH. D. thesis, London University, 1965.
504 _aBibliography: p. 197-198.
600 1 0 _aGreen, Thomas Hill,
_d1836-1882
999 _c76181
_d76181